000 00553nam a2200205Ia 4500
005 20250508154039.0
008 008 250505s9999 xx 000 0 hin d
037 _aTextBook
040 _aFEDL
_beng
_cFEDL
041 _ahin
_2eng
084 _a370.15, SIN
_qFEDL
100 _aSingh Harihar
245 0 _aAbinav Shishashastr or manovigan
260 _aDelhi, India
_bSanmarg Prakashan
_c1963
300 _a540p
365 _aINR
_b10
650 _aEducational Psychology
942 _cTB
_h370.15, SIN
999 _c1347270
_d1347270